Iskan toprakandirma ve esdeger mal ysasi (41-1977): (رقم التسجيلة. 142977)
[ عرض عادي ]
| 000 -LEADER | |
|---|---|
| fixed length control field | 00707cam a2200193 a 4500 |
| 008 - FIXED-LENGTH DATA ELEMENTS--GENERAL INFORMATION | |
| fixed length control field | 160310s1986 tu 000 0 tur d |
| 040 ## - CATALOGING SOURCE | |
| Original cataloging agency | EG-GiCUC |
| Language of cataloging | tur |
| Transcribing agency | EG-GiCUC |
| 092 04 - LOCALLY ASSIGNED DEWEY CALL NUMBER (OCLC) | |
| Classification number | 344.6510636351 |
| Item number | I81 |
| Edition number | 21 |
| 099 ## - LOCAL FREE-TEXT CALL NUMBER (OCLC) | |
| Classification number | 04 |
| -- | 344.6510636351 I81 |
| 245 00 - TITLE STATEMENT | |
| Title | Iskan toprakandirma ve esdeger mal ysasi (41-1977): |
| Remainder of title | Sayili degisiklik yasalari ile birlestirilmis sekliyle / |
| Statement of responsibility, etc. | Derleyen ve Yazan Mehmet Turkkan. |
| 260 ## - PUBLICATION, DISTRIBUTION, ETC. | |
| Place of publication, distribution, etc. | Turkey : |
| Name of publisher, distributor, etc. | M. Turkkan, |
| Date of publication, distribution, etc. | 1986. |
| 300 ## - PHYSICAL DESCRIPTION | |
| Extent | 63 p. ; |
| Dimensions | 23 cm. |
| 650 #0 - SUBJECT ADDED ENTRY--TOPICAL TERM | |
| Topical term or geographic name entry element | Discrimination in housing |
| General subdivision | Law and legislation |
| Geographic subdivision | Turkey. |
| 902 ## - LOCAL DATA ELEMENT B, LDB (RLIN) | |
| No. of Items | 1 |
| 905 ## - LOCAL DATA ELEMENT E, LDE (RLIN) | |
| Cataloger | Eman |
| Reviser | Rev. |
| 905 ## - LOCAL DATA ELEMENT E, LDE (RLIN) | |
| Cataloger | ِِJamal |
| Reviser | Cat. |
| 942 ## - ADDED ENTRY ELEMENTS (KOHA) | |
| Source of classification or shelving scheme | Dewey Decimal Classification |
| Koha item type | Books |
| Source of classification or shelving scheme | Not for loan | Home library | Current library | Date acquired | Full call number | Barcode | Date last seen | Copy number | Koha item type |
|---|---|---|---|---|---|---|---|---|---|
| Dewey Decimal Classification | المكتبة المركزبة الجديدة - جامعة القاهرة | قاعة الثقاقات الاجنبية - الدور الثالث | 11.02.2024 | 344.6510636351 I81 L.C | 01000110201000000 | 05.07.2024 | C.1 | Books |